000 00926nam a2200241 i 4500
001 26270
003 ES-MaACL
005 20230906153420.0
007 t|
008 030108s1888 sp ||||1| spa d
080 _a821.134.2-34"18"
100 1 _aArévalo, Joaquín de.
_922654
245 1 0 _aOcios de camarote
_b: (colección de cuentos cortos) /
_cJoaquín de Arévalo ; con un prólogo de Leandro de Saralegui y Medina.
260 _aLa Coruña :
_b[s.n.],
_c1888 (
_fEst. Tip. de la Papelería Ferrer)
300 _aXVIII, 266 p. ;
_c19 cm.
490 1 _aBiblioteca gallega
530 _aDisponible también en sitio web.
700 1 _aSaralegui y Medina, Leandro de.
_9132473
830 0 _aBiblioteca gallega
_9180864
852 _aES-MaACL
_jG-8502
856 _uhttp://bibliotecadigitalhispanica.bne.es:80/webclient/DeliveryManager?pid=3312252&custom_att_2=simple_viewer
_zIr a la página
999 _c26270
_d26270